| 000 | 00907nam a2200217 a 4500 | ||
|---|---|---|---|
| 001 | 2016890 | ||
| 003 | AM-YeHGA | ||
| 005 | 20250905140040.0 | ||
| 008 | 250430s1945 nyu|||||||||||||||0|arm|d | ||
| 040 | _aAM-YeHGA | ||
| 041 | 0 | _aarm | |
| 100 | 1 |
_aՏատրյան, Վահրամ, _d1900-1948 _93980 |
|
| 245 | 1 | 0 |
_aԳերեզմաններու մէջէն : _b(Փրցուած էջեր օրագրէս, Բ. շարք) / _cԳրեց՝ Վահրամ Տատրեան. |
| 260 |
_aՆիւ Եորք : _bտպ. Կոչնակ, _c1945. |
||
| 300 | _a(2 գիրք 1 կազմում) ; 476 էջ | ||
| 490 |
_aՄատենաշար _vթիւ 2 |
||
| 501 | _aԿազմակից է՝ Սև հոգին (Եզրափակում) / Վ. Տատրեան - Նիւ Եորք ; Կոչնակ տպարան ; 1945 | ||
| 650 | 1 | 4 |
_aՍփյուռքահայ պատմություն _94891 |
| 740 | 0 | 2 | _aՍև հոգին (Եզրափակում) |
| 942 |
_2udc _cBK |
||
| 999 |
_c534575 _d534575 |
||